000 00340nam a2200133Ia 4500
008 100328s9999 xx 000 0 und d
082 _b29291
100 _aआपटे ह.ना.
245 _aमयान्ह
260 _bआर्यभूषण
630 _aमयान्ह
730 _aमयान्ह
942 _cBOOK
999 _c520333
_d520330